000 01613nam a2200409 i 4500
001 46315
003 FINmELB
005 20241216231754.0
006 m o d |
007 cr cnu||||||||
008 230824s2023 sp ob 001 0 spa d
020 _a9788411036481
_q(e-book)
035 _a(OCoLC)1399429680
040 _aFINmELB
_bspa
_erda
_cFINmELB
050 4 _aHF5348.25
_bC112 2023
080 _a658.811
082 0 4 _a658.84
_223
100 1 _aCaballero Sánchez de Puerta, Pilar,
_eautora.
245 1 0 _aDirección y estrategias de ventas e intermediación comercial.
_nCOMT0411 /
_cPilar Caballero Sánchez de Puerta.
250 _aSegunda edición.
264 1 _aAntequera :
_bIC Editorial,
_c2023.
300 _a1 recurso en línea (235 páginas)
336 _atexto
_btxt
_2rdacontent/spa
337 _acomputadora
_bc
_2rdamedia/spa
338 _arecurso en línea
_bcr
_2rdacarrier/spa
490 1 _aCertificado de Profesionalidad ; COMT0411-Gestión cormecial de ventas
500 _aIncluye índice.
504 _aIncluye bibliografía.
588 _aDescripción basada en metadatos suministrados por el editor y otras fuentes.
590 _aRecurso electrónico. Santa Fe, Arg.: elibro, 2023. Disponible vía World Wide Web. El acceso puede estar limitado para las bibliotecas afiliadas a elibro.
650 4 _aMarketing.
650 4 _aVentas.
655 4 _aLibros electrónicos.
797 2 _aelibro, Corp.
830 0 _aCertificado de Profesionalidad ; COMT0411-Gestión cormecial de ventas.
856 4 0 _uhttps://elibro.net/ereader/politecnicointernacional/233133
999 _c46315
_d46315